00743nam a2200241Ia 45000010006000000050017000060070003000230080041000260200007000670400025000740410008000990820020001071000024001272450055001512500014002062600053002203000027002736530029003006530014003299420012003439520129003559990017004842050320240114000520.0ta060223s1907 a g b000 u 465 u cPB aCotton College Assam a465 a821.09bC 916 P aCunliffe, John W. . 0aThe Posies /cJohn W. Cunliffe.hTextual Documents a1st ed. / aCambridge :bCambridge University Press ,c1907. a505p. :bill ;c21cm . aEnglish poetry-Criticism aG-English 2ddccBK 001040708Circulation (G)aSKBLbSKBLd2012-02-01f00000l0o821.09 C 916 Pp172.2r2024-01-14 00:00:00t1w2012-02-01yBK c20485d20485